Catálogo de las obras que se hallan de venta, clasificadas por materias y orden alfabético de autores / (Record no. 157705)
[ view plain ]
| 000 -LEADER | |
|---|---|
| campo de control de longitud fija | 00821nam a22001815i 4500 |
| 001 - NÚMERO DE CONTROL | |
| campo de control | 157705 |
| 003 - IDENTIFICADOR DE NÚMERO DE CONTROL | |
| campo de control | ES-MaACL |
| 005 - FECHA Y HORA DE LA ÚLTIMA TRANSACCIÓN | |
| campo de control | 20250903084239.0 |
| 008 - DATOS DE LONGITUD FIJA--INFORMACIÓN GENERAL | |
| campo de control de longitud fija | 040719s1880 sp |||| | spa d |
| 040 ## - FUENTE DE CATALOGACIÓN | |
| Centro catalogador/agencia de origen | CAM |
| Lengua de catalogación | spa |
| Centro/agencia transcriptor | CAM |
| 110 2# - ENTRADA PRINCIPAL--NOMBRE DE ENTIDAD CORPORATIVA | |
| Nombre de entidad corporativa o nombre de jurisdicción como elemento de entrada | Librería de Donato Guío (Madrid) |
| 9 (RLIN) | 134644 |
| 245 10 - MENCIÓN DEL TÍTULO | |
| Título | Catálogo de las obras que se hallan de venta, clasificadas por materias y orden alfabético de autores / |
| Mención de responsabilidad, etc. | Librería de Donato Guío, calle del Arenal, 14. |
| 260 ## - PUBLICACIÓN, DISTRIBUCIÓN, ETC. | |
| Lugar de publicación, distribución, etc. | Madrid : |
| Nombre del editor, distribuidor, etc. | [Librería de Donato Guío], |
| Fecha de publicación, distribución, etc. | 1880 ( |
| Fabricante | Establecimiento tipográfico de Eduardo Cuesta) |
| 300 ## - DESCRIPCIÓN FÍSICA | |
| Extensión | 168 p. ; |
| Dimensiones | 18 cm. |
| 650 #7 - PUNTO DE ACCESO ADICIONAL DE MATERIA--TÉRMINO DE MATERIA | |
| Término de materia o nombre geográfico como elemento de entrada | Catálogos de editores- |
| Subdivisión cronológica | S.XIX |
| Fuente del encabezamiento o término | |
| 9 (RLIN) | 169796 |
| 852 ## - LOCALIZACIÓN | |
| Ubicación | ES-MaACL |
| Número de control de estantería | T-399-F-4 |
| Nota libre | -- Enc. hol. |
| -- | -- Dedicatoria ms. de José Rodríguez al Ateneo de Madrid |
| -- | -- Enc. en un vol. facticio |
| Estatus retirado | Estado de pérdida | Estado de daño | No para préstamo | Colección | Biblioteca de origen | Biblioteca actual | Ubicación en estantería | Fecha de adquisición | Total de préstamos | Signatura topográfica completa | Código de barras | Visto por última vez | Precio de reemplazo | Tipo de ítem Koha |
|---|---|---|---|---|---|---|---|---|---|---|---|---|---|---|
| Colección de folletos | Biblioteca del Ateneo de Madrid | Biblioteca del Ateneo de Madrid | Depósito folletos | 17/01/2008 | T-399-F-4 | 1165036 | 23/02/2023 | 23/02/2023 | Folleto |
